Comparative Anatomy of Vertebrates (Record no. 60321)
[ view plain ]
| 000 -LEADER | |
|---|---|
| fixed length control field | 00439nam a22001697a 4500 |
| 005 - DATE & TIME | |
| control field | 20260211125409.0 |
| 008 - FIXED-LENGTH DATA ELEMENTS--GENERAL INFORMATION | |
| fixed length control field | 260211b |||||||| |||| 00| 0 eng d |
| 020 ## - ISBN | |
| International Standard Book Number | 9788198096005 |
| Price | 1695.00 |
| 040 ## - CATALOGING SOURCE | |
| Original cataloging agency | Doon University |
| 082 ## - DDC NUMBER | |
| Classification number | 591.4 |
| Book Number | JAI |
| 100 ## - MAIN ENTRY--PERSONAL NAME | |
| Personal name | Jain, Rahul |
| 245 ## - TITLE STATEMENT | |
| Title | Comparative Anatomy of Vertebrates |
| 260 ## - PUBLICATION, DISTRIBUTION, ETC. (IMPRINT) | |
| Place of publication, distribution, etc | New Delhi |
| Name of publisher, distributor, etc | Blackwell Pres |
| Date of publication, distribution, etc | 2025 |
| 300 ## - PHYSICAL DESCRIPTION | |
| Pages | 318 |
| 650 ## - Subject | |
| Subject | Biological Science |
| 942 ## - ADDED ENTRY ELEMENTS (KOHA) | |
| Koha item type | Books |
| 100 ## - MAIN ENTRY--PERSONAL NAME | |
| -- | 19530 |
| 650 ## - Subject | |
| -- | 14046 |
| 952 ## - LOCATION AND ITEM INFORMATION (KOHA) | |
| -- | 2026-02-11 |
| 952 ## - LOCATION AND ITEM INFORMATION (KOHA) | |
| -- | 2026-02-11 |
| 952 ## - LOCATION AND ITEM INFORMATION (KOHA) | |
| -- | 2026-02-11 |
| 952 ## - LOCATION AND ITEM INFORMATION (KOHA) | |
| -- | 2026-02-11 |
| 952 ## - LOCATION AND ITEM INFORMATION (KOHA) | |
| -- | 2026-02-11 |
| Withdrawn status | Lost status | Source of classification or shelving scheme | Damaged status | Not for loan | Location (home branch) | Sublocation or collection (holding branch) | Date acquired | Koha full call number | Accession No. | Koha date last seen | Koha item type | Koha issues (times borrowed) |
|---|---|---|---|---|---|---|---|---|---|---|---|---|
| Not For Loan | Doon University | Doon University | 11.02.2026 | 591.4 JAI | 52597 | 11.02.2026 | Reference | |||||
| Doon University | Doon University | 11.02.2026 | 591.4 JAI | 52598 | 11.02.2026 | Books | ||||||
| Doon University | Doon University | 11.02.2026 | 591.4 JAI | 52599 | 11.02.2026 | Books | ||||||
| Doon University | Doon University | 11.02.2026 | 591.4 JAI | 52600 | 11.02.2026 | Books | ||||||
| Doon University | Doon University | 11.02.2026 | 591.4 JAI | 52601 | 11.02.2026 | Books |